1342 1590 1887 1691 1070 1891 1353 1540 1117 1642 1089 1549 1728 1732 1381 1193 1717 2000 1300 1871 1201 1916 1485 1679 1692 1183 1988 1930 1428 1986 1394 1532 1962 1715 1221 1632 1347 1977 1003 1434 1976 1478 1350 1678 1068 1587 1843 1573 1650 1065 1874 1293 1246 1052 1925 1946 1103 1864 1831 1231 1204 1361 1936 1852 1222 1457 1615 1316 1020 1111 1856 1846 1480 1413 1251 1209 1461 1503 1505 1984 1271 1824 1191 1748 1509 1157 1915 1323 1713 1706 1380 1420 1486 1238 1276 1719 1663 1434 1682 BCNSPRNW ULIB Ver.6.0+V

เปลี่ยนเป็นภาษาไทย

Change to English
 แสดงรายละเอียดบรรณานุกรม
  กลับหน้าหลัก

Brief Record : Get Marc (ISO 2709) : E-mail record : QR code < ปิดหน้าต่าง
LEADER : 00000nam 2200000uu 4500
001    13399123556
003     ULIB
008    141008s2556 th a 000 0 tha d
020    9786163353061
060  4 WC505^bป418ร
100    ประเสริฐ ทองเจริญ
245    ระบาดบันลือโลก 21 : โคโรน่าไวรัส /^cประเสริฐ ทองเจริญ
250    พิมพ์ครั้งที่ 1
260    กรุงเทพฯ :^bอักษรสมัย(๑๙๙๙),^c2556
300    174หน้า;^b18.5 ซม.
650    โคโรน่าไวรัส
650    โรคซาร์ส
945    ^p160^l0^i21136
945    ^p160^l0^i21137
945    ^p160^l0^i21138
945    ^p160^l0^i21139
945    ^p160^l0^i21140
999    ^aทศพร เกษรทอง
รายการนี้ยังไม่มีแท็ก
คุณยังไม่ได้ล็อกอิน คุณสามารถมีกิจกรรมร่วมกับเว็บไซต์ได้ แต่ต้องล็อกอินก่อน ::
  ล็อกอิน

รายการสื่อสารสนเทศ

ลำดับที่ ประเภท เลขเรียก/บาร์โค้ด สถานที่ สถานะ
1. วิทยาศาสตร์การแพทย์ และสุขภาพ
วิทยาศาสตร์การแพทย์ และสุขภาพ
สถานะ=หนังสือเก่า
WC505 ป418ร ฉ.1 
  Barcode: 21136
ห้องสมุดวิทยาเขตนครสวรรค์
►ส่วนจัดเก็บหนังสือเก่า นว.
บนชั้น
  ขอยืม
2. วิทยาศาสตร์การแพทย์ และสุขภาพ
วิทยาศาสตร์การแพทย์ และสุขภาพ
สถานะ=หนังสือเก่า
WC505 ป418ร ฉ.2 
  Barcode: 21137
ห้องสมุดวิทยาเขตนครสวรรค์
►ส่วนจัดเก็บหนังสือเก่า นว.
บนชั้น
  ขอยืม
3. วิทยาศาสตร์การแพทย์ และสุขภาพ
วิทยาศาสตร์การแพทย์ และสุขภาพ
สถานะ=หนังสือเก่า
WC505 ป418ร ฉ.3 
  Barcode: 21138
ห้องสมุดวิทยาเขตนครสวรรค์
►ส่วนจัดเก็บหนังสือเก่า นว.
บนชั้น
  ขอยืม
4. วิทยาศาสตร์การแพทย์ และสุขภาพ
วิทยาศาสตร์การแพทย์ และสุขภาพ
สถานะ=หนังสือเก่า
WC505 ป418ร ฉ.4 
  Barcode: 21139
ห้องสมุดวิทยาเขตนครสวรรค์
►ส่วนจัดเก็บหนังสือเก่า นว.
บนชั้น
  ขอยืม
5. วิทยาศาสตร์การแพทย์ และสุขภาพ
วิทยาศาสตร์การแพทย์ และสุขภาพ
สถานะ=หนังสือเก่า
WC505 ป418ร ฉ.5 
  Barcode: 21140
ห้องสมุดวิทยาเขตนครสวรรค์
►ส่วนจัดเก็บหนังสือเก่า นว.
บนชั้น
  ขอยืม

รายการใกล้เคียง
    ผู้แต่ง [ประเสริฐ ทองเจริญ]

    หัวเรื่อง [โคโรน่าไวรัส]
    หัวเรื่อง [โรคซาร์ส]

BibComment


ยังไม่เคยถูกคอมเมนท์

คอมเมนท์ทรัพยากรรายการนี้
  คอมเมนท์: ระบาดบันลือโลก 21..


 Copyright 2026. Bcnsprnw @Library